| 000 | 00381nam a22001577a 4500 | ||
|---|---|---|---|
| 003 | SGT | ||
| 020 | _a978-1-4557-2876-3 | ||
| 082 |
_a617.7 _bD13H |
||
| 100 | _aHOLLAND, EDWARD J. | ||
| 245 | _aOCULAR SURFACE DISEASE : CORNEA, CONJUNCTIVE AND TEAR FILM | ||
| 250 | _a1ST | ||
| 260 |
_aLONDON _bELSEVIER _c2013 |
||
| 300 | _a452 | ||
| 650 | _aOPHTHALMOLOGY | ||
| 942 |
_2ddc _cBK |
||
| 999 |
_c19692 _d19692 |
||